000 00472nam a2200193 a 4500
001 23201
003 CO-ViMGA
008 141112s2004 ck r 000 u spa d
020 _a8471142759
040 _aCO-ViMGA
_bspa
_cCO-ViMGA
082 0 4 _a636.1 B375e
100 1 _aBerner, Enzo
_933435
245 1 0 _aEl caballo :
_bCria y manejo
260 _aItalia :
_bMp
300 _a187 p.
650 1 4 _aCABALLOS
_951145
650 1 4 _aCRIA DE CABALLO
_933436
942 _2ddc
_cBK
999 _c31454
_d31454